| 000 | 00412nam a2200181Ia 4500 | ||
|---|---|---|---|
| 008 | 210210b1956 xxu||||| |||| 00| 0 eng d | ||
| 041 | _aeng | ||
| 082 | _a822/891 | ||
| 100 | _aNEMES (Joseph) | ||
| 245 | _aSign in the storm | ||
| 260 |
_aLondon _bHodder and Stoughton Limited _c1956 |
||
| 650 | _athe | ||
| 650 | _astorm | ||
| 650 | _aSign | ||
| 650 | _ain | ||
| 690 | _aEnglish Prose | ||
| 906 | _a013074 | ||
| 999 |
_c131908 _d131908 |
||